000 00325nam a22001337a 4500
008 170929b xxu||||| |||| 00| 0 eng d
020 _a9780669488586
041 _aeng
080 _a37
100 _a47
101 _aEDU
245 _aHANDBOOK A STUDENT GUIDE FOR READING AND LEARNING
_cCROW.M
942 _2udc
_cBK
999 _c30631
_d30631